[Event "Lass Sanktionerade"]
[Site "Linköping"]
[Date "2014.05.31"]
[Round "6"]
[White "Anderson, Bertram"]
[Black "Hansson, Ronald"]
[Result "0-1"]
[WhiteElo "1816"]
[BlackElo "1803"]
[PlyCount "84"]
[EventDate "2014.05.29"]
[EventType "swiss"]
[EventRounds "7"]
[EventCountry "SWE"]
[SourceDate "2014.05.29"]

1. e4 e6 2. d4 d5 3. Nc3 Bb4 4. a3 Bxc3+ 5. bxc3 dxe4 6. f3 c5 7. Qd2 Nf6 8.
Be2 Bd7 9. Bb2 Bc6 10. Qg5 Nbd7 11. dxc5 Qa5 12. Nh3 Qxc5 13. Qxc5 Nxc5 14. f4
Na4 15. Rb1 Nxb2 16. Rxb2 O-O-O 17. O-O Rd2 18. Re1 h6 19. Nf2 e3 20. Nd1 Nd5
21. g3 g5 22. fxg5 hxg5 23. c4 Nf4 24. Nc3 Nh3+ 25. Kf1 Rh6 26. Rd1 Rf6+ 27.
Ke1 Rf2 28. Rxd2 exd2+ 29. Kxd2 Rxh2 30. Ke3 f5 31. Nb5 a6 32. Nd4 f4+ 33. gxf4
gxf4+ 34. Kd3 Nf2+ 35. Kc3 Ne4+ 36. Kb4 Kd7 37. Bg4 Ng5 38. Kc5 Rg2 39. Nxc6
bxc6 40. Bd1 Ne4+ 41. Kd4 Nd6 42. c5 Rd2+ 0-1

[Event "Lass Sanktionerade"]
[Site "Linköping"]
[Date "2014.05.31"]
[Round "6"]
[White "Rosell, Martin"]
[Black "Norqvist, Lars"]
[Result "1/2-1/2"]
[WhiteElo "1750"]
[BlackElo "1755"]
[PlyCount "126"]
[EventDate "2014.05.29"]
[EventType "swiss"]
[EventRounds "7"]
[EventCountry "SWE"]
[SourceDate "2014.05.29"]
[WhiteClock "0:09:01"]
[BlackClock "0:11:24"]

1. c4 Nf6 2. Nc3 g6 3. e4 d6 4. d4 Bg7 5. f3 O-O 6. Be3 e5 7. Bd3 Nc6 8. Nge2
Nh5 9. Bc2 exd4 10. Nxd4 Ne5 11. Bb3 c6 12. Qd2 Qh4+ 13. Bf2 Qe7 14. O-O Be6
15. Nxe6 fxe6 16. Be3 Rad8 17. Bg5 Nf6 18. Rad1 Nf7 19. Bh4 e5 20. Bf2 b6 21.
Be3 Kh8 22. Ba4 Qc7 23. b4 Rd7 24. Bb3 Nd8 25. a4 Ne6 26. Qf2 c5 27. bxc5 bxc5
28. Nd5 Nxd5 29. cxd5 Nd4 30. Bc4 Rdd8 31. Rb1 Rb8 32. Bxd4 exd4 33. Qd2 Rfc8
34. Qd3 Rb4 35. Rxb4 cxb4 36. Rc1 a5 37. Rc2 Qb6 38. Kf1 Bf6 39. f4 Kg7 40. Bb3
Rc3 41. Rxc3 bxc3 42. Qb5 Qc5 43. Qxc5 dxc5 44. Ke2 Bd8 45. Kd3 g5 46. g3 h6
47. Kc4 Bb6 48. Bc2 Kf7 49. Kb5 Ba7 50. e5 gxf4 51. gxf4 Ke7 52. d6+ Ke6 53.
f5+ Kd7 54. h4 h5 55. Bb1 Bb6 56. Bd3 Bd8 57. Kxc5 Bxh4 58. Kxd4 Bg3 59. Ke4 h4
60. f6 h3 61. Bb5+ Ke6 62. Bc4+ Kd7 63. Bb5+ Ke6 1/2-1/2

[Event "Lass Sanktionerade"]
[Site "Linköping"]
[Date "2014.05.31"]
[Round "6"]
[White "Qwarfort, Fredrik"]
[Black "Andersson, Görgen"]
[Result "1/2-1/2"]
[WhiteElo "1836"]
[BlackElo "1799"]
[PlyCount "77"]
[EventDate "2014.05.29"]
[EventType "swiss"]
[EventRounds "7"]
[EventCountry "SWE"]
[SourceDate "2014.05.29"]

1. d4 d5 2. c4 e5 3. dxe5 d4 4. Nf3 Nc6 5. Nbd2 Nge7 6. Nb3 Nf5 7. e4 dxe3 8.
Qxd8+ Kxd8 9. fxe3 Bb4+ 10. Kf2 Nh6 11. h3 Re8 12. a3 Bf8 13. Bd3 Nxe5 14. Nxe5
Rxe5 15. Rd1 Ke8 16. Bd2 g6 17. Bc3 Re7 18. Rd2 Bf5 19. Rad1 Rd7 20. e4 Be6 21.
Nd4 Bc5 22. Be2 f5 23. exf5 Nxf5 24. g4 Nxd4 25. Bxd4 Rad8 26. Ke3 Bxd4+ 27.
Rxd4 Ke7 28. Rxd7+ Rxd7 29. Rxd7+ Bxd7 30. h4 h6 31. Bf3 b6 32. g5 hxg5 33.
hxg5 Bf5 34. b4 Kd6 35. Kf4 Be6 36. Be4 Bf7 37. Bd3 Be8 38. Ke4 c5 39. b5 {Ke5+
} 1/2-1/2

[Event "Lass Sanktionerade"]
[Site "Linköping"]
[Date "2014.06.01"]
[Round "7"]
[White "Rosell, Martin"]
[Black "Anderson, Bertram"]
[Result "0-1"]
[WhiteElo "1750"]
[BlackElo "1816"]
[PlyCount "30"]
[EventDate "2014.05.29"]
[EventType "swiss"]
[EventRounds "7"]
[EventCountry "SWE"]
[SourceDate "2014.05.29"]

1. c4 e5 2. Nc3 Nc6 3. g3 f5 4. Bg2 Nf6 5. e4 Bc5 6. d3 d6 7. Nge2 fxe4 8. Nxe4
Nxe4 9. Bxe4 O-O 10. O-O Bg4 11. Bxc6 bxc6 12. Be3 Bf3 13. h3 Bxe3 14. fxe3 Qg5
15. Kh2 Qxe3 0-1

[Event "Lass Sanktionerade"]
[Site "Linköping"]
[Date "2014.06.01"]
[Round "7"]
[White "Nguyen, Gabriel"]
[Black "Hjalmarsson, Sanna"]
[Result "1-0"]
[WhiteElo "1586"]
[BlackElo "1229"]
[PlyCount "51"]
[EventDate "2014.05.29"]
[EventType "swiss"]
[EventRounds "7"]
[EventCountry "SWE"]
[SourceDate "2014.05.29"]

1. d4 d5 2. c4 e6 3. Nc3 Nf6 4. Nf3 c6 5. e3 Nbd7 6. Bd3 Bd6 7. O-O b6 8. b3
O-O 9. Bb2 Bb7 10. Qc2 e5 11. dxe5 Nxe5 12. Nxe5 Bxe5 13. Rad1 dxc4 14. Bxh7+
Nxh7 15. Rxd8 Raxd8 16. bxc4 Nf6 17. Ne2 Bxb2 18. Qxb2 Ba6 19. Qc2 Rd7 20. Nd4
Rc7 21. Rd1 Rfc8 22. Nf5 Kf8 23. e4 Nd7 24. Qc3 f6 25. Qg3 Ne5 26. Qa3+ 1-0

[Event "Lass Sanktionerade"]
[Site "Linköping"]
[Date "2014.06.01"]
[Round "7"]
[White "Sylvan, Marcus"]
[Black "Norqvist, Lars"]
[Result "0-1"]
[WhiteElo "1250"]
[BlackElo "1755"]
[PlyCount "80"]
[EventDate "2014.05.29"]
[EventType "swiss"]
[EventRounds "7"]
[EventCountry "SWE"]
[SourceDate "2014.05.29"]

1. e4 e6 2. d4 d5 3. e5 c5 4. c3 Nc6 5. a3 cxd4 6. cxd4 f6 7. Nf3 fxe5 8. dxe5
Nge7 9. b4 Ng6 10. Bb2 Be7 11. Bd3 Nf4 12. O-O Nxd3 13. Qxd3 O-O 14. Re1 Bd7
15. Nbd2 Be8 16. Nf1 Bg6 17. Qe2 Rc8 18. Rac1 Qb6 19. Qd2 Qd8 20. Qe2 Bh5 21.
N1d2 Bg5 22. Rc3 Nd4 23. Qd1 Rxc3 24. Bxc3 Bxd2 25. Qxd2 Nxf3+ 26. gxf3 Bxf3
27. Qe3 Qe8 28. Qg5 Rf5 29. Qg3 Qh5 30. Bd2 Qg6 31. Qxg6 hxg6 32. Rc1 Rf7 33.
Be3 Rd7 34. Bxa7 d4 35. Rc2 d3 36. Rd2 Be2 37. Be3 Rd5 38. Bf4 Rd4 39. Bg3 g5
40. f3 Bxf3 0-1

[Event "Lass Sanktionerade"]
[Site "Linköping"]
[Date "2014.06.01"]
[Round "7"]
[White "Book, Kaarlo"]
[Black "Hansson, Ronald"]
[Result "1/2-1/2"]
[WhiteElo "1741"]
[BlackElo "1803"]
[PlyCount "71"]
[EventDate "2014.05.29"]
[EventType "swiss"]
[EventRounds "7"]
[EventCountry "SWE"]
[SourceDate "2014.05.29"]

1. Nf3 Nf6 2. d4 g6 3. g3 Bg7 4. Bg2 O-O 5. O-O d6 6. c4 Nc6 7. d5 Na5 8. Nbd2
c5 9. e4 a6 10. Rb1 b5 11. b3 Rb8 12. Qc2 e6 13. dxe6 Bxe6 14. cxb5 axb5 15.
Bb2 Nc6 16. Qc3 Ra8 17. a3 Ne8 18. Qc1 Qd7 19. Bxg7 Kxg7 20. Ng5 Nd4 21. Qb2 f6
22. Nxe6+ Qxe6 23. e5 Ra6 24. exd6 Nxd6 25. Rfe1 Qf7 26. Nf3 N6f5 27. Nxd4 Nxd4
28. b4 Rd8 29. bxc5 Qa7 30. c6 Nxc6 31. Bxc6 Rxc6 32. Qxb5 Rd2 33. Qb7+ Qxb7
34. Rxb7+ Kh6 35. Rb3 Rcc2 36. Rf3 1/2-1/2

[Event "Lass Sanktionerade"]
[Site "Linköping"]
[Date "2014.06.01"]
[Round "7"]
[White "Rosell, Philip"]
[Black "Andersson, Görgen"]
[Result "0-1"]
[WhiteElo "1050"]
[BlackElo "1799"]
[PlyCount "88"]
[EventDate "2014.05.29"]
[EventType "swiss"]
[EventRounds "7"]
[EventCountry "SWE"]
[SourceDate "2014.05.29"]

1. e4 d5 2. exd5 Nf6 3. d4 Bg4 4. Nf3 Qxd5 5. Nc3 Qd7 6. Be2 Nc6 7. O-O O-O-O
8. Be3 Bxf3 9. Bxf3 Nxd4 10. Bxd4 Qxd4 11. Qxd4 Rxd4 12. Rfd1 Rxd1+ 13. Rxd1 e6
14. Rd3 a6 15. Ne4 Nxe4 16. Bxe4 Bd6 17. Rf3 f5 18. Bd3 g6 19. Bc4 Re8 20. Re3
e5 21. Kf1 b5 22. Bb3 c5 23. Bd5 Kc7 24. Ke2 c4 25. g3 Bc5 26. Rf3 e4 27. Rf4
Be7 28. h4 Bd6 29. Bf7 Re7 30. Bg8 Bxf4 31. gxf4 Rg7 32. Bd5 Kd6 33. Ba8 Ra7
34. Bxe4 fxe4 35. Ke3 Kd5 36. c3 Rf7 37. b3 Rf5 38. bxc4+ Kxc4 39. Kxe4 Kxc3
40. f3 Kb2 41. Ke3 Kxa2 42. Ke4 b4 43. Ke3 b3 44. Ke4 b2 0-1